[Event "Bottom-Half Class U1700"]
[Site "Romulus, MI"]
[Date "2002.06.22"]
[Round "2.12"]
[White "Griffin, John"]
[Black "Holden, Anthony"]
[Result "1/2-1/2"]
[WhiteElo "1500"]
[BlackElo "1505"]
[PlyCount "143"]
[EventDate "2002.06.21"]

1. d4 d5 2. c4 e5 3. dxe5 Bb4+ 4. Bd2 Qe7 5. Nf3 dxc4 6. a3 Bxd2+ 7. Nbxd2 b5
8. Qc2 Bb7 9. g3 Nd7 10. Bg2 Nxe5 11. O-O Ng4 12. Qf5 Qd7 13. Qxd7+ Kxd7 14.
Bh3 f5 15. Nd4 g6 16. Nxb5 Ne5 17. f4 Ba6 18. fxe5 Bxb5 19. Ne4 Re8 20. Ng5 Ke7
21. Rad1 c3 22. Rc1 h6 23. Nf3 Bxe2 24. Rf2 cxb2 25. Rb1 Bxf3 26. Rxf3 Kf7 27.
Re3 Ne7 28. Bg2 g5 29. Rxb2 c6 30. Rb7 Rb8 31. Reb3 Rbc8 32. Bf1 Ke6 33. Bc4+
Nd5 34. Rxa7 Kxe5 35. Kf2 f4 36. Ke2 fxg3 37. hxg3 Kd4 38. Bxd5 cxd5 39. Kd2
Rc4 40. Rd3+ Ke4 41. Rd7 Rc5 42. Re3+ Kf5 43. Kd3 Rhc8 44. Kd2 Rc2+ 45. Ke1
Rc1+ 46. Kf2 Kg4 47. Rxd5 R8c2+ 48. Re2 Rxe2+ 49. Kxe2 Kxg3 50. Kd2 Rc4 51. Rd6
h5 52. Rd5 Kf4 53. Ke2 h4 54. Kf2 g4 55. Rd8 Rc2+ 56. Kg1 h3 57. Rd4+ Kg3 58.
Rd3+ Kh4 59. Rd4 h2+ 60. Kh1 Rc3 61. Kxh2 Rxa3 62. Kg2 Ra2+ 63. Kg1 Kh3 64.
Rd3+ g3 65. Rd1 Re2 66. Kh1 Kg4 67. Kg1 Kh3 68. Kh1 Re3 69. Ra1 Kg4 70. Kg1 Kf3
71. Rf1+ Ke2 72. Ra1 1/2-1/2

[Event "Bottom-Half Class U1300"]
[Site "Romulus, MI"]
[Date "2002.06.22"]
[Round "2.26"]
[White "Gregg, Ted"]
[Black "Shetty, Atulya"]
[Result "1-0"]
[WhiteElo "1133"]
[BlackElo "920"]
[PlyCount "67"]
[EventDate "2002.06.21"]

1. f4 d5 2. Nf3 Bf5 3. e3 e6 4. Be2 Nf6 5. O-O Bc5 6. Ne5 O-O 7. Bf3 Ne4 8. d3
Nf6 9. Kh1 Nbd7 10. Nxd7 Qxd7 11. g4 Bg6 12. g5 Nh5 13. Bxh5 Bxh5 14. Qxh5 Qc6
15. Qf3 Rfe8 16. d4 Bb4 17. c3 Ba5 18. f5 e5 19. Nd2 e4 20. Qh3 h6 21. gxh6
Qxh6 22. Qxh6 gxh6 23. Rg1+ Kh7 24. Nb3 Bb6 25. Bd2 Rg8 26. Raf1 a5 27. Nc5
Rad8 28. Nxb7 Rxg1+ 29. Rxg1 Re8 30. Be1 a4 31. b4 a3 32. Bg3 Rb8 33. Nc5 c6
34. Bxb8 1-0

[Event "Bottom-Half Class U1900"]
[Site "Romulus, MI"]
[Date "2002.06.22"]
[Round "3.5"]
[White "Gadson, Joseph"]
[Black "Dupuis, Erik"]
[Result "0-1"]
[WhiteElo "1730"]
[BlackElo "1727"]
[Annotator "Tim McGrew"]
[PlyCount "52"]
[EventDate "2002.06.21"]

{Sicilian: Pelikan (Sveshnikov)} 1. e4 c5 2. Nf3 Nc6 3. d4 cxd4 4. Nxd4 Nf6 5.
Nc3 e5 {Ahh, the joys of chess theory! Once upon a time I bought a fat book on
this line and tried to play like Sveshnikov. I might even still have the book,
in a box somewhere...} 6. Ndb5 d6 7. Bg5 (7. Nd5) 7... a6 8. Bxf6 gxf6 9. Na3
b5 10. Nd5 f5 11. exf5 Bxf5 12. c3 Bg7 13. Qf3 {Tal played this way against
Shamkovich way back in 1955. Being Tal, he won. But the move has a dubious
theoretical reputation.} ({The more popular idea in recent play has been to
grip d5 by redeploying the misplaced knight:} 13. Nc2 O-O 14. Nce3 Be6 15. Bd3
f5 16. Qh5 e4 17. Bc2 Ne7 18. Rd1 {and White seems to be making the most out
of his positional trumps. Marques-Basrak, Guarapuava 1995 (1-0,41)}) 13... Bd7
14. Bd3 Rb8 {We're finally out of book -- I think. Black usually castles here.}
15. Qh5 {I'm not sure what this does for the White position. It prevents
castling, but Black has plenty of other interesting things to try.} (15. Nc2 {
still makes sense, heading for e3 where White clamps d5 and f5.}) 15... Ne7 (
15... b4 $5 16. Nc4 Be6 {looks like an interesting try.}) 16. Nxe7 Qxe7 17. O-O
d5 {At this point, Black's strong center and reasonable (if not yet
outstanding) piece coordination seem to outweigh White's better pawn structure.
The knight on a3 is a pathetic bystander.} 18. f4 Rb6 $5 {This looks like a
good way to activate the rook.} 19. fxe5 Rh6 20. Qf3 Bxe5 21. g3 Rg8 {Storm
clouds are looming. And where is that knight that started out on g1, anyway?}
22. Rae1 Rg5 23. Qxd5 {DIAGRAM} ({Last chance to play} 23. Nc2) 23... Bc6 $1 {
Now Black's bishops and rooks dominate every line that matters.} 24. Qb3 Rxh2 {
Crushing, but not best.} (24... Rxg3+ $1 25. hxg3 (25. Kf2 Rxh2#) 25... Qc5+ {
forces mate.}) 25. Qxf7+ Qxf7 26. Rxf7 Rg2+ 0-1

[Event "Bottom-Half Class Top Section"]
[Site "Romulus, MI"]
[Date "2002.06.22"]
[Round "2.3"]
[White "Gabbara, Faris"]
[Black "Randall, Paul"]
[Result "1-0"]
[WhiteElo "2053"]
[BlackElo "1978"]
[Annotator "Tim McGrew"]
[PlyCount "69"]
[EventDate "2002.06.21"]

{Benko Gambit: Half-Accepted} 1. d4 Nf6 2. Nf3 g6 3. c4 c5 4. d5 b5 5. cxb5 a6
6. b6 {As the main lines of the Benko have settled down to theoretical
stability, players of the White pieces have been forced to look for creative
ways to cut across Black's opening idea. Returning the pawn with b6 is one of
White's better ideas.} Qxb6 (6... a5 $5 {deserves consideration here. Black
intends a quick ...Ba6. If he gets it in fast enough, White will be unable to
play e4 without allowing an exchange of bishops on f1 -- a known Benko theme.})
7. Nc3 d6 8. e4 {White has achieved his goal of playing e4 without allowing
that nasty trade. A decade of experience shows that White has a pleasant 
(though not overwhelming) advantage here.} Nbd7 9. Be2 Bg7 10. O-O O-O 11. Qc2
Rb8 12. Nd2 Ne5 13. h3 {White telegraphs his intention to play f4.} Ne8 14. f4
Nd7 15. Nc4 Qa7 16. Be3 Bd4 17. Kh2 Nc7 18. a4 a5 19. Bd2 Ba6 20. Ra2 {This
looks very awkward.} h5 $2 {But this displays a lack of caution. The only
point of White's last move was to secure b2 -- it certainly had no other
positional merits! Black should have considered 20...f5!? or 20...Bxc4 21.Bxc4
Nb6 with more play than he could have expected before White misplaced his rook.
} 21. Nxa5 {Now everything works in White's favor.} Bxe2 22. Nxe2 Qa6 23. Be1
Bf6 {DIAGRAM} 24. b4 $5 {Alert use of the undefended Black knight on c7.} (24.
Nc6 {is also very good.}) 24... cxb4 25. Qxc7 Rfc8 26. Qxd7 Qxa5 {White's
queen is short on flight squares, but he fortunately recognizes this and
creates an escape hatch.} 27. h4 Qc5 28. Bf2 Qc4 29. Rc1 $1 Bc3 30. Rac2 Qxe4
31. Nxc3 bxc3 32. Rxc3 Rd8 33. Rc8 $1 {The simplest way to liquidate.} Qxf4+
34. Bg3 Qxc1 35. Qxd8+ {White mates next move.} 1-0

[Event "Bottom-Half Class Top Section"]
[Site "Romulus, MI"]
[Date "2002.06.22"]
[Round "2.1"]
[White "Finegold, Ben"]
[Black "Davidovich, Manis"]
[Result "1/2-1/2"]
[WhiteElo "2639"]
[BlackElo "2033"]
[PlyCount "140"]
[EventDate "2002.06.21"]

1. d4 Nf6 2. c4 g6 3. Nc3 Bg7 4. e4 d6 5. Be2 O-O 6. Nf3 e5 7. O-O Nc6 8. d5
Ne7 9. b4 Nh5 10. g3 f5 11. Ng5 Nf6 12. f3 f4 13. Kg2 Kh8 14. c5 h6 15. cxd6
Qxd6 16. Nb5 Qb6 17. a4 Nfxd5 18. exd5 hxg5 19. a5 Qf6 20. Nxc7 Rb8 21. g4 Qd6
22. b5 Bxg4 23. fxg4 e4 24. Ba3 Qd7 25. Rc1 f3+ 26. Bxf3 exf3+ 27. Kh3 Be5 28.
Rxf3 Nf5 29. gxf5 g4+ 30. Kxg4 gxf5+ 31. Kh3 Qh7+ 32. Kg2 Qxh2+ 33. Kf1 Rg8 34.
Bc5 Qg2+ 35. Ke1 Bg3+ 36. Bf2 Bxf2+ 37. Rxf2 Qe4+ 38. Qe2 Rg1+ 39. Kd2 Qd4+ 40.
Kc2 Qc5+ 41. Kb3 Rg3+ 42. Rf3 Rxf3+ 43. Qxf3 Qxc1 44. Ne6 Qb1+ 45. Ka3 Qc1+ 46.
Kb4 Qd2+ 47. Kc5 b6+ 48. axb6 axb6+ 49. Kd6 Qh2+ 50. Qf4 Qh7 51. Ke5 Re8 52.
Qxf5 Qc7+ 53. Kd4 Qe7 54. Ke5 Qc7+ 55. Kd4 Qe7 56. Qf2 Qb4+ 57. Ke5 Qc3+ 58.
Qd4 Qxd4+ 59. Kxd4 Kg8 60. Ke5 Kf7 61. Kd6 Kf6 62. Kc6 Ke5 63. Nc7 Rd8 64. Kxb6
Kd6 65. Kb7 Rd7 66. b6 Rd8 67. Ka6 Rc8 68. Kb7 Rd8 69. Ne6 Rg8 70. Nc7 Rd8
1/2-1/2

[Event "Bottom-Half Class U1500"]
[Site "Romulus, MI"]
[Date "2002.06.22"]
[Round "3.16"]
[White "Durham, Jeremy"]
[Black "West, Aaron"]
[Result "1-0"]
[WhiteElo "1380"]
[BlackElo "1352"]
[Annotator "Jeff Aldrich"]
[PlyCount "125"]
[EventDate "2002.06.21"]

{King's Indian: Classical} 1. d4 Nf6 2. c4 g6 3. Nc3 Bg7 4. e4 d6 5. Nf3 O-O 6.
Be2 Nbd7 7. O-O c5 8. d5 Re8 9. Be3 Ng4 10. Bd2 Qb6 11. Rb1 Nde5 12. Nxe5 Nxe5
13. f4 Nd7 14. Kh1 Qd8 15. a3 b6 16. b4 a6 17. Qb3 Bd4 18. b5 a5 19. a4 Nf6 20.
Qc2 Bd7 21. h3 Qc8 22. Rf3 e6 23. Bd3 exd5 24. exd5 Nh5 25. Ne2 Bf6 26. Bc3 {
Challenging on the dark squares. Black now must give up an important defender.}
Bxc3 27. Nxc3 Ng7 $2 {DIAGRAM} 28. Ne4 $1 {Black cannot defend both the f6 and
d6 squares.} Rf8 29. Nxd6 Qd8 30. Ne4 Nf5 31. Qf2 Nd4 32. Re3 Bf5 33. Nc3 Qd7
34. Ne2 Bxd3 35. Rxd3 Nf5 36. g4 Nd6 37. Ng3 $6 {It would be preferable to
defend the pawn.} Nxc4 38. d6 $2 f5 $2 ({Missing his opportunity to take the
pawn:} 38... Nxd6 {and the expected} 39. Ne4 {loses to} (39. Rbd1 Qb7+ {saves
the knight.}) 39... Qb7 {This counter-pin prevents White from taking with the
knight.} 40. Rxd6 Qxe4+ {picking up the loose rook.}) 39. Qf3 Qe6 40. gxf5 gxf5
41. Rbd1 Rad8 42. d7 Rf7 43. Qf1 Re7 44. Kh2 Ne3 45. Qg1 Kf8 46. R1d2 Nc4 47.
Re2 Qg6 48. Rxe7 Kxe7 49. Qe1+ Kf7 50. Qc3 Qe6 51. Nxf5 Qe2+ 52. Kg3 Rg8+ 53.
Kh4 Qf2+ 54. Rg3 Qxf4+ 55. Rg4 Rxg4+ 56. hxg4 Ne5 {Threatening mate, but
allowing a winning tactic.} 57. Qxe5 $1 {There is nothing left to stop the
pawn.} Qxe5 58. d8=Q Qf6+ $2 {Making things easy. Keeping the queens on the
board is the only way to offer resistance.} 59. Qxf6+ Kxf6 60. Ne3 Ke5 61. Nc4+
Kd4 62. Nxb6 Ke5 63. Nc4+ 1-0

[Event "Bottom-Half Class Top Section"]
[Site "Romulus, MI"]
[Date "2002.06.22"]
[Round "3.2"]
[White "Davidovich, Manis"]
[Black "O'Donnell, Robert"]
[Result "1-0"]
[WhiteElo "2033"]
[BlackElo "2157"]
[PlyCount "65"]
[EventDate "2002.06.21"]

1. e4 c5 2. Nf3 Nc6 3. d4 cxd4 4. Nxd4 Nf6 5. Nc3 d6 6. Bc4 Qb6 7. Nb3 a6 8.
Be3 Qc7 9. Qe2 Ne5 10. Bd3 b5 11. O-O e6 12. Rad1 Bd7 13. f4 Nxd3 14. Qxd3 b4
15. e5 bxc3 16. exf6 gxf6 17. Bd4 Bb5 18. Qf3 Rc8 19. Rfe1 cxb2 20. Bxf6 Rg8
21. Qh5 Bc4 22. Qxh7 b1=Q 23. Rxb1 Rg6 24. Bg5 Bd5 25. Re2 Qc4 26. Rbe1 a5 27.
Qh5 a4 28. Nc1 Qd4+ 29. Kh1 Qg7 30. h4 f6 31. f5 fxg5 32. fxg6 gxh4 33. Qxd5
1-0

[Event "Bottom-Half Class U1500"]
[Site "Romulus, MI"]
[Date "2002.06.22"]
[Round "2.18"]
[White "Cottrell-Finegold, Kelly"]
[Black "Durham, Jeremy"]
[Result "0-1"]
[WhiteElo "1338"]
[BlackElo "1380"]
[PlyCount "79"]
[EventDate "2002.06.21"]

1. d4 e6 2. c4 d5 3. e3 Nf6 4. Nc3 c6 5. Nf3 Nbd7 6. Bd3 dxc4 7. Bxc4 Bd6 8. e4
Bb4 9. Qc2 Qc7 10. O-O e5 11. Bg5 exd4 12. Nxd4 Bxc3 13. bxc3 Ng4 14. Nf3 Nde5
15. Nxe5 Qxe5 16. f4 Qc5+ 17. Kh1 Qxc4 18. Rf3 h6 19. Bh4 h5 20. Rd1 O-O 21. h3
Nh6 22. Bg5 Kh7 23. f5 f6 24. Bxh6 Kxh6 25. Qd2+ Kh7 26. Qf4 Qf7 27. Rg3 Rg8
28. Qh4 g5 29. fxg6+ Rxg6 30. Qxh5+ Kg7 31. Rdd3 Be6 32. Rdf3 Rh8 33. Qc5 Rxg3
34. Rxg3+ Kh7 35. Qxa7 Bxa2 36. Rg4 Be6 37. Rf4 Rd8 38. Qf2 Kg7 39. Rh4 Re8 40.
Rh5 0-1

[Event "Bottom-Half Class U1300"]
[Site "Romulus, MI"]
[Date "2002.06.22"]
[Round "2.19"]
[White "Brooks, Brandon"]
[Black "Adams, Barry"]
[Result "0-1"]
[WhiteElo "1130"]
[BlackElo "1271"]
[PlyCount "202"]
[EventDate "2002.06.21"]

1. c4 c6 2. Nc3 e6 3. g3 Nf6 4. Bg2 d5 5. cxd5 cxd5 6. d4 Bb4 7. Nf3 O-O 8. O-O
Qc7 9. Bf4 Qb6 10. Na4 Qd8 11. a3 Bd6 12. Bg5 Nc6 13. b4 a6 14. Nc3 Be7 15. Nd2
Nxd4 16. Bxf6 Bxf6 17. e4 Nb5 18. Nxb5 Bxa1 19. Qxa1 axb5 20. Qc3 d4 21. Qc5
Rxa3 22. Qxb5 Qd7 23. Qc5 Rc3 24. Qa5 Qc7 25. Qa1 b6 26. Nf3 e5 27. Rd1 Bb7 28.
Ne1 Rc8 29. Nd3 Ra8 30. Qb2 f6 31. f4 Rc2 32. Qb3+ Kh8 33. fxe5 fxe5 34. Rf1
Rc3 35. Qb1 Kg8 36. Nb2 Rf8 37. Qa2+ Rf7 38. Qe6 Kf8 39. Rxf7+ Qxf7 40. Qd6+
Ke8 41. Qxe5+ Kf8 42. Qxd4 Rc2 43. h4 Qf6 44. Qxf6+ gxf6 45. Na4 f5 46. Nxb6
fxe4 47. Nd7+ Ke7 48. Nc5 Ba8 49. Nxe4 Rb2 50. Nf2 Bxg2 51. Kxg2 Rxb4 52. Nd3
Rd4 53. Nf4 Kf6 54. Kf3 Ra4 55. Kg4 Rc4 56. Kh5 Kf5 57. Kh6 Kg4 58. Kxh7 Kxg3
59. Ng6 Rc5 60. Kg7 Kg4 61. Kf6 Kh5 62. Kg7 Rc6 63. Ne5 Rc7+ 64. Kf6 Kxh4 65.
Nf3+ Kg3 66. Ng5 Kg4 67. Ne6 Rc6 68. Ke5 Ra6 69. Kf6 Ra5 70. Kg6 Rh5 71. Kf6
Rh6+ 72. Ke5 Kf3 73. Kd5 Ke3 74. Ke5 Rh5+ 75. Kd6 Ke4 76. Nc5+ Kd4 77. Ne6+ Kc4
78. Nf4 Rg5 79. Ke6 Kd4 80. Kf6 Ra5 81. Ng6 Ke4 82. Ne7 Kf4 83. Ng6+ Ke4 84.
Ne7 Ra7 85. Ng6 Ra6+ 86. Kg5 Ra5+ 87. Kg4 Ra1 88. Kh5 Rg1 89. Nh4 Ke5 90. Ng6+
Kf5 91. Nh4+ Kf6 92. Nf3 Rg2 93. Ne1 Rg3 94. Kh4 Rg8 95. Ng2 Kf5 96. Kh3 Rg7
97. Kh2 Kg4 98. Ne3+ Kf3 99. Nf1 Rg6 100. Kh1 Kf2 101. Nh2 Rg1# 0-1

[Event "Bottom-Half Class U1700"]
[Site "Romulus, MI"]
[Date "2002.06.22"]
[Round "3.12"]
[White "Bolda, Dan G"]
[Black "Moroney, Timothy"]
[Result "1-0"]
[WhiteElo "1600"]
[BlackElo "1539"]
[PlyCount "121"]
[EventDate "2002.06.21"]

1. d4 d5 2. c4 e6 3. Nc3 Nf6 4. cxd5 exd5 5. Bg5 Be7 6. e3 O-O 7. Bd3 Nbd7 8.
Nf3 b6 9. Qc2 Bb7 10. O-O c5 11. dxc5 bxc5 12. Rad1 Qb6 13. Rfe1 h6 14. Bh4
Rfe8 15. h3 Bc6 16. Bg3 c4 17. Be2 Bb4 18. Nd4 Nc5 19. Nxc6 Qxc6 20. Bf3 Rad8
21. Re2 Bxc3 22. bxc3 Nfe4 23. Bxe4 Nxe4 24. Bh2 Qf6 25. Rc1 Rd7 26. Qb2 Nc5
27. Qb5 Rc8 28. Rec2 Rb7 29. Qa5 Nd3 30. Qxd5 Rb2 31. Rxb2 Nxb2 32. Be5 Qc6 33.
Qxc6 Rxc6 34. Rb1 Nd3 35. Bd4 Ra6 36. Rb8+ Kh7 37. Rb7 Kg6 38. Rxa7 Rxa7 39.
Bxa7 Nc1 40. a4 Ne2+ 41. Kf1 Nxc3 42. a5 Nb5 43. Bd4 f6 44. Bb6 Kf5 45. a6 Ke4
46. Ke1 Kd3 47. a7 Nxa7 48. Bxa7 c3 49. Kd1 c2+ 50. Kc1 Ke2 51. f4 Kf2 52. e4+
Kxg2 53. e5 fxe5 54. fxe5 Kxh3 55. e6 h5 56. e7 h4 57. e8=Q Kh2 58. Qg6 Kh3 59.
Bf2 Kh2 60. Bxh4 Kh3 61. Bf2 1-0

[Event "Bottom-Half Class U1700"]
[Site "Romulus, MI"]
[Date "2002.06.22"]
[Round "2.15"]
[White "Bolda, Dan G"]
[Black "Hooks, Jerry"]
[Result "1-0"]
[WhiteElo "1600"]
[BlackElo "1534"]
[Annotator "Tim McGrew"]
[PlyCount "35"]
[EventDate "2002.06.21"]

{Indian: Samisch (Marienbad)} 1. d4 Nf6 2. c4 e6 3. Nc3 b6 {This move shows a
misunderstanding of the position. The Queen's Indian Defense, which is what
Black is trying to play, only works when White has played Nf3 instead of Nc3.}
4. Bg5 $6 {It seems harsh to criticize a developing move like this, since the
move is in no way a blunder. But it lacks incisiveness.} (4. e4 $1 {is the
them atic way to punish Black for carelessness, as Pillsbury explained to Wolf
just a hundred years ago at Monte Carlo.} Bb7 5. Bd3 d5 (5... Bb4 6. Qc2 d6 $4
7. Qa4+ $1 Nc6 8. d5 {snagged a piece in Rubinstein-Takacs, Vienna 1922 (1-0,
23).}) 6. cxd5 exd5 7. e5 Ne4 8. Nf3 Be7 9. O-O O-O 10. Qc2 Nxc3 11. Bxh7+ Kh8
12. bxc3 g6 13. Bxg6 fxg6 14. Qxg6 $18 {and Pillsbury won nicely.}) 4... Bb7 5.
e3 ({Here again} 5. e4 {is the natural way to punish Black's carelessness.})
5... Be7 6. f3 O-O 7. Bd3 d6 8. Qc2 Nbd7 9. Nge2 {Still refusing to take the
center with 9.e4.} h6 10. Bh4 e5 11. O-O-O exd4 12. Nxd4 Nh5 13. Bxe7 Qxe7 14.
Be4 {White's bishop is directed at the Black king-side; Black's is a mere
defensive piece. Why trade?} (14. Nf5 $5 {looks a little more active.}) 14...
Bxe4 15. Nxe4 Nc5 (15... Nhf6 {would bring the knight back into the game.}) 16.
Nf5 Qe5 17. Nxc5 Qxc5 $4 18. Rd5 $1 {Oh no! 18...Qc6 fails to 19.Ne7+, and 18..
.Qb4 runs into 19.a3 and the Queen is trapped.} 1-0

[Event "Bottom-Half Class Top Section"]
[Site "Romulus, MI"]
[Date "2002.06.22"]
[Round "3.4"]
[White "Baze, Lineas"]
[Black "Williams, Ron"]
[Result "1-0"]
[WhiteElo "2003"]
[BlackElo "1952"]
[Annotator "Tim McGrew"]
[PlyCount "59"]
[EventDate "2002.06.21"]

{Indian} 1. e4 Nc6 2. d4 e5 $5 3. d5 Nce7 4. c4 Nf6 {As far as I know, Jaime
Emma was the first player to use this successfully in the late 1950's, and
shortly thereafter Hector Rosetto took it up as his private weapon. Today the
most prominent advocate of these lines is Georgi Orlov, though he usually gets
into them via 1.d4 Nf6 2.c4 Nc6, etc.} 5. Nc3 Ng6 6. Be3 Bb4 7. Qd3 {In his
199 8 book The Black Knights Tango, Orlov considers 7.Bd3 and 7.f3 but not the
text move. At first glance, 7.Qd3 appears to prevent the doubled c-pawns that
give White so much positional grief in those lines.} d6 {But appearances are
deceiving! Black could play 7...Bxc3+ with confidence here since White's Queen
cannot take back without abandoning the vital e-pawn.} (7... Bxc3+ $1 8. bxc3)
8. f3 O-O 9. g4 Nd7 (9... Nf4 10. Bxf4 exf4 11. Nge2 Nd7 12. Nxf4 Qh4+ 13. Kd1
Ne5) 10. O-O-O {Very bold. Black should now aim to open lines on the
queen-side, perhaps even at the cost of a pawn with ...a6 and ...b5 before
White can get his own attack rolling.} Nc5 11. Qc2 Bd7 12. h4 Qe8 13. h5 Ne7
14. g5 f5 15. gxf6 Rxf6 16. Bh3 a5 {It isn't clear what this move is supposed
to accomplish. Perhaps Black hopes that White will be provoked into a3,
permitting a capture on c3 and ...a4 locking down the b3 square. But White
doesn't have to bite.} 17. Nb5 Bxb5 18. cxb5 a4 {DIAGRAM} 19. Bg5 $2 {Missing
a chance to end the game.} (19. Qc4 $1 {is punishing:} Ba5 20. Bxc5 dxc5 21.
d6+ $1 {and Black can call it a day.}) 19... Rf8 20. Qc4 Ba5 21. Be3 {White
has the right idea now, but it takes some time to put his pieces back into
alignment.} Bb6 22. Kb1 Kh8 23. h6 gxh6 {This looks wrong. If Black can hold
on at all, surely 23...g6 leaving the h-file closed is the way he can do it.}
24. f4 ({I do not see why White shouldn't grab the pawn right away, e.g.} 24.
Bxh6 Rg8 25. Ne2 Qf7 26. Bg4 {and White, with two open files, has made a great
deal more progress on the king-side than Black has on the other wing.}) 24...
Nd7 25. Bxb6 ({This looks like a reasonable moment to cash in on White's
superior pawn structure with} 25. Bxd7 Qxd7 26. Bxb6 cxb6 27. fxe5 dxe5 28.
Rxh6 $18) 25... cxb6 {Positionally horrible, but 25...Nxb6 26.Qxc7 would leave
Black little choice but to exchange queens, after which his position is
miserable.} 26. Qc7 Nf6 27. fxe5 dxe5 28. d6 Nfg8 $2 {This leaves Black with
nothing to play for.} (28... Qh5 $5 {at least keeps Black kicking, though
White ought to be better after} 29. Qc2 Ng6 30. Ne2 {etc.}) 29. dxe7 Qxe7 30.
Rd7 1-0

[Event "Bottom-Half Class U1300"]
[Site "Romulus, MI"]
[Date "2002.06.22"]
[Round "3.18"]
[White "Adams, Barry"]
[Black "Dupuis, Brian"]
[Result "0-1"]
[WhiteElo "1271"]
[BlackElo "1252"]
[PlyCount "98"]
[EventDate "2002.06.21"]

1. e4 c6 2. d4 d5 3. e5 Bf5 4. Bd3 Bxd3 5. Qxd3 e6 6. Nf3 h6 7. Bd2 Nd7 8. a3
g5 9. h3 Qc7 10. Nc3 Ne7 11. Ne2 Nf5 12. g4 Ne7 13. h4 gxh4 14. Nxh4 O-O-O 15.
Ng3 c5 16. c3 Nc6 17. b3 Qb6 18. O-O cxd4 19. cxd4 Nxd4 20. Be3 Qxb3 21. Qxd4
Bc5 22. Rfc1 b6 23. Rc3 Qb5 24. Qb4 Qc6 25. Bxc5 bxc5 26. Qb2 Nb6 27. Rxc5 Qxc5
28. Rc1 Nc4 29. Nf3 Nxb2 30. Rxc5+ Kd7 31. Nd4 Rc8 32. Rb5 Nd3 33. Nf3 Rc1+ 34.
Kg2 Rhc8 35. Ne2 R1c2 36. Kf1 Rg8 37. Rb3 Nc5 38. Rb4 Ra2 39. Rb5 Ra1+ 40. Kg2
Rxg4+ 41. Kh3 Rc4 42. Ra5 a6 43. Nh4 Ra2 44. Ng1 Rxf2 45. Nhf3 Kc6 46. Ne1 Kb6
47. Rxc5 Rxc5 48. Nd3 Rc3 49. Kg3 Rfc2 0-1

[Event "Bottom-Half Class U1300"]
[Site "Romulus, MI"]
[Date "2002.06.23"]
[Round "4.24"]
[White "Winowski, Joe"]
[Black "Gregg, Ted"]
[Result "1-0"]
[WhiteElo "1213"]
[BlackElo "1133"]
[Annotator "Jeff Aldrich"]
[PlyCount "73"]
[EventDate "2002.06.21"]

{Pirc: Two Knights} 1. e4 d6 2. Nf3 Nf6 3. Nc3 g6 4. d4 Bg7 5. Bg5 O-O 6. Be2
c6 7. O-O Bg4 8. Qd2 Nbd7 9. Rfe1 Qc7 10. Rad1 Rad8 11. Qe3 b5 12. e5 Bxf3 $6 (
{Leading to a series of exchanges that costs Black the exchange. He would have
been better off swinging second with} 12... b4) 13. Bxf3 dxe5 14. dxe5 Nd5 15.
Nxd5 cxd5 16. Bxe7 {The fruits of the trade-offs.} Rde8 17. Bxf8 Bxe5 18. Qh6
Rxf8 19. c3 Nf6 20. g3 Rd8 21. Qg5 Ne4 22. Bxe4 f6 23. Qd2 Kg7 24. Bg2 d4 25.
Qd3 f5 26. Qxb5 Bf6 27. Re8 dxc3 28. Rexd8 Bxd8 29. bxc3 Kh6 30. c4 Bf6 31. c5
a5 32. c6 f4 33. Qb7 Be5 34. Rd7 Qb8 35. Rxh7+ Kg5 36. Qxb8 Bxb8 37. c7 1-0

[Event "Bottom-Half Class U1300"]
[Site "Romulus, MI"]
[Date "2002.06.23"]
[Round "5.20"]
[White "Winowski, Joe"]
[Black "Brooks, Brandon"]
[Result "1-0"]
[WhiteElo "1213"]
[BlackElo "1130"]
[PlyCount "31"]
[EventDate "2002.06.21"]

1. e4 e5 2. Nf3 d6 3. Bc4 Bg4 4. d4 exd4 5. Bxf7+ Kd7 6. Ne5+ dxe5 7. Qxg4+ Kc6
8. Qe6+ Bd6 9. O-O Qe7 10. Qd5+ Kb6 11. Bxg8 c6 12. Qb3+ Ka6 13. Bc4+ b5 14.
Be2 Nd7 15. c4 Rab8 16. cxb5+ {Remainder unavailable} 1-0

[Event "Bottom-Half Class U1500"]
[Site "Romulus, MI"]
[Date "2002.06.23"]
[Round "4.16"]
[White "West, Aaron"]
[Black "Cottrell-Finegold, Kelly"]
[Result "1-0"]
[WhiteElo "1352"]
[BlackElo "1338"]
[PlyCount "71"]
[EventDate "2002.06.21"]

1. c4 Nf6 2. Nc3 e6 3. g3 c6 4. Bg2 d5 5. cxd5 cxd5 6. d4 Nc6 7. Nf3 Be7 8. O-O
O-O 9. Bf4 Bd7 10. Rc1 a6 11. Ne5 Qb6 12. Bg5 Rfd8 13. Nxc6 Bxc6 14. Qd2 Rdc8
15. Rc2 Qd8 16. h4 h6 17. Bf4 Bd6 18. Rfc1 Bxf4 19. Qxf4 Bd7 20. Kh2 Rc6 21. f3
Rac8 22. e4 dxe4 23. fxe4 R6c7 24. Rf2 Be8 25. e5 Nh7 26. Be4 Nf8 27. Rcf1 Qe7
28. d5 f5 29. d6 Qf7 30. dxc7 Rxc7 31. Bc2 Ng6 32. Qe3 Qe7 33. Bb3 Rc5 34.
Bxe6+ Kh8 35. Nd5 Rxd5 36. Bxd5 {Remainder illegible, 38?} 1-0